Vedúci pracovník a bezpečnosť pri práci

Na minha lista:
Detalhes bibliográficos
Autor principal: Hejl, Emil
Formato: Livro
Idioma:eslovaco
Publicado em: Bratislava Práca 1986
Edição:3. vyd.
Tags: Adicionar Tag
Sem tags, seja o primeiro a adicionar uma tag!

MARC

LEADER 00000nam a2200000 4500
001 c029307
005 20221219101022.0
041 0 |a slo 
044 |a SK 
245 1 0 |a Vedúci pracovník a bezpečnosť pri práci  |c Emil Hejl a kol. 
250 |a 3. vyd. 
264 1 |a Bratislava  |b Práca  |c 1986 
300 |a 156 s. 
100 1 |a Hejl, Emil